Terminus des lignes du réseau TISSE - Statistiques

Statistiques générales
  • Ce quiz a été pris 5 fois
  • Le résultat moyen est 7 sur 102
Statistiques - réponses
Réponse % Correct
4201 Rue Berlioz
60%
4201 | 4206 | 4241 | 4243 Gare de Corbeil-Essonnes Zola
40%
4212 | 4217 | 4242 Gare du Bras de Fer Évry Génopole
40%
4205 | 4206 La Treille
40%
4203 | 4242 | 4246 Terminal David Douillet
40%
4204 | 4218 | 4241 Gare de Ris-Orangis Bois de l'Epine
20%
4214 La Tremblaie
20%
4202 Route de Mennecy
20%
4203 SNECMA
20%
4202 Aunettes
0%
4233 Bois des Coudraies
0%
4244 Centre Commercial
0%
4213 Centre Commercial Aunettes
0%
4215 Centre de Traitement
0%
4218 CES Albert Camus
0%
4270 Champs Elysées - Grand Bourg
0%
4244 Clément Ader
0%
4204 Collège
0%
4275 Collège La Tuilerie
0%
4214 Eurocontrol
0%
4203 Exona
0%
4216 Ferme des Folies
0%
4246 Gabrielle d'Estrées
0%
4212 Gare de Brétigny-sur-Orge
0%
4230 | 4231 | 4245 | +4 others Gare de Corbeil-Essonnes Henri Barbusse
0%
4243 | 4273 Gare de Corbeil-Essonnes Moulin Galant
0%
4220 | 4223 Gare de Grigny Centre
0%
4205 Gare de Juvisy-sur-Orge Condorcet
0%
4233 Gare de Juvisy-sur-Orge Seine
0%
4251 Gare de la Ferté-Alais
0%
N139 Gare de Lyon - Diderot
0%
4250 Gare de Melun
0%
4220 Gare d'Épinay-sur-Orge
0%
4202 | 4219 Gare de Ris-Orangis Val de Ris
0%
4223 Gare de Savigny-sur-Orge
0%
4212 | 4214 | 4215 | +3 others Gare d'Évry-Courcouronnes Centre
0%
4272 Gare d'Évry Val de Seine (Pont)
0%
4230 | 4274 Hameau de Seine
0%
4212 | 4213 Imprimerie Nationale
0%
4244 L'Églantier
0%
4231 | 4232 Le Golf
0%
4279 Léonard de Vinci
0%
4275 Les Brosses
0%
4246 Les Griottes
0%
4204 Les Meillottes
0%
4222 Les Patios
0%
4223 Les Sablons
0%
4214 Les Vergers
0%
4246 Libellules 2
0%
4271 | 4277 Lycée Georges Brassens
0%
4279 Lycée Marie Laurencin
0%
4273 | 4274 | 4276 Lycée Robert Doisneau
0%
4230 | 4274 | 4275 Mairie de Morsang-sur-Seine
0%
9112 Marché International de Rungis
0%
4213 | 4244 Marinière Lycée
0%
4231 Petit Sénart
0%
4240 Piscine
0%
4271 Réservoirs
0%
4278 Résidence
0%
4233 Résidence la Vallée
0%
4275 | 4277 Rue des Chèvres
0%
4278 Rue des Clos
0%
4270 Sacré Coeur
0%
4276 Trou Grillon
0%
4221 | 4222 | 4223 Tuileries
0%
4221 ZI Croix Blanche
0%
Aucun quiz correspondant
Distribution des résultats
% des personnes avec chaque résultat
Percentile par nombre de réponses
Votre historique - résultats
Vous n’avez pas pris ce quiz